Ленин (Запись № 1214052)

Подробности
000 -МАРКЕР
контрольное поле 01741nam0a2200373 4500
001 - ИДЕНТИФИКАТОР ЗАПИСИ
контрольное поле RU\NLR\bibl\817560
005 - ИДЕНТИФИКАТОР ВЕРСИИ
контрольное поле 20250614134710.0
010 ## - МЕЖДУНАРОДНЫЙ СТАНДАРТНЫЙ НОМЕР КНИГИ (ISBN)
Номер (ISBN) 5-235-02795-7
Тираж 5000
021 ## - НОМЕР ГОСУДАРСТВЕННОЙ РЕГИСТРАЦИИ
Код страны Российская Федерация
Номер 2005-13935
Номер Листа государственной регистраци 708
035 ## - ДРУГИЕ СИСТЕМНЫЕ НОМЕРА
Идентификатор записи RSL-KNO-002581002
035 ## - ДРУГИЕ СИСТЕМНЫЕ НОМЕРА
Идентификатор записи (NLR Aleph) 000806488
100 ## - ДАННЫЕ ОБЩЕЙ ОБРАБОТКИ
Данные общей обработки 20050314d2005 |||y0rusy50 ca
101 1# - ЯЗЫК РЕСУРСА
Язык текста, звукозаписи и т.д. русский
Язык оригинала английский
102 ## - СТРАНА ПУБЛИКАЦИИ ИЛИ ПРОИЗВОДСТВА
Страна публикации Российская Федерация
105 ## - ПОЛЕ КОДИРОВАННЫХ ДАННЫХ: ТЕКСТОВЫЕ МАТЕРИАЛЫ, МОНОГРАФИЧЕСКИЕ
Кодированные данные о монографическом текстовом документе a |||||||||
106 ## - ПОЛЕ КОДИРОВАННЫХ ДАННЫХ: ТЕКСТОВЫЕ РЕСУРСЫ – ФОРМА
Форма ресурса: кодированные данные: обозначение носителя r
200 1# - ЗАГЛАВИЕ И СВЕДЕНИЯ ОБ ОТВЕТСТВЕННОСТИ
Основное заглавие Ленин
Сведения, относящиеся к заглавию жизнь и смерть
Первые сведения об ответственности Роберт Пейн
Последующие сведения об ответственности [пер. с англ. О.Л. Никулиной]
205 ## - СВЕДЕНИЯ ОБ ИЗДАНИИ
Сведения об издании [Изд. 2-е]
210 ## - ПУБЛИКАЦИЯ, РАСПРОСТРАНЕНИЕ И ДР.
Место издания, распространения и т.д. М.
Имя издателя, распространителя и т. д. Молодая гвардия
Дата издания, распространения и т.д. 2005
Имя изготовителя Тип. АО Мол. гвардия
215 ## - ФИЗИЧЕСКАЯ ХАРАКТЕРИСТИКА
Специфическое обозначение материала и объем 666,[1] с., [24] л. ил., портр.
Другие сведения о физической характеристике ил., фак.
Размеры 21
225 1# - СЕРИЯ
Основное заглавие серии Жизнь замечательных людей
Сведения, относящиеся к заглавию ЖЗЛ
-- Сер. биогр.
Сведения об ответственности Осн. в 1890 г. Ф. Павленковым и продолж. в 1933 г. М. Горьким
Обозначение тома Вып. 1128 (928)
320 ## - ПРИМЕЧАНИЯ О НАЛИЧИИ В ДОКУМЕНТЕ БИБЛИОГРАФИИ / УКАЗАТЕЛЯ
Текст примечания Библиогр.: с. 663-665
600 #1 - ИМЯ ЛИЦА КАК ПРЕДМЕТ
Начальный элемент ввода Ленин
Часть имени, кроме начального элемента ввода В.И.
Даты 1870 - 1924
Расширение инициалов личного имени Владимир Ильич
Тематический подзаголовок Биография
Системный номер авторитетной/нормативной записи 1458393
Идентификатор авторитетной/нормативной записи RU\NLR\auth\66618539
610 0# - НЕКОНТРОЛИРУЕМЫЕ ПРЕДМЕТНЫЕ ТЕРМИНЫ
Предметный термин Марксизм-ленинизм -- Жизнь и деятельность К.Маркса, Ф.Энгельса, В.И.Ленина -- Жизнь и деятельность В.И.Ленина -- Общие работы. Общие материалы к изучению жизни и деятельности
686 ## - ИНДЕКСЫ ДРУГИХ КЛАССИФИКАЦИЙ
Индекс А35,0
Код системы
686 ## - ИНДЕКСЫ ДРУГИХ КЛАССИФИКАЦИЙ
Индекс А35,1
700 #1 - ИМЯ ЛИЦА - ПЕРВИЧНАЯ ОТВЕТСТВЕННОСТЬ
Начальный элемент ввода Пейн
Часть имени, кроме начального элемента ввода Р.
Расширение инициалов личного имени Роберт
Код отношения Автор
801 #0 - ИСТОЧНИК ЗАПИСИ
Страна Российская Федерация
Организация RuMoRKP
Дата составления 20050314
Правила каталогизации rcr
801 #1 - ИСТОЧНИК ЗАПИСИ
Страна Российская Федерация
Организация RuMoRGB
Дата составления 20050314
801 #2 - ИСТОЧНИК ЗАПИСИ
Страна Российская Федерация
Организация NLR
Дата составления 20050708
Правила каталогизации PSBO
942 ## - ДОПОЛНИТЕЛЬНЫЕ ЭЛЕМЕНТЫ ЗАПИСИ (АБИС)
Тип экземпляра АБИС Книга
980 ## - КОЛЛЕКЦИЯ
Название коллекции Национальная библиография
Экземпляры
Тип экземпляра Дата поступления Источник поступления Библиотека постоянного хранения Библиотека текущего хранения Место хранения Шифр хранения Штрих-код Статус экземпляра
Книга 08.07.2005 Обязательный экземпляр РНБ (Московский) РНБ (Московский) Русский книжный фонд: издания с 1957 года 2005-3/18819 1-2040851  
Книга 08.07.2005 Обязательный экземпляр РНБ (Московский) РНБ (Московский) Русский книжный фонд: издания с 1957 года 2005-3/18819 953183